Comparison of CICSAM and HRIC high-resolution schemes for interface capturing
En este documento se muestra el modelado de un flujo con altas proporciones de densidad y viscosidad empleando el mťodo del volumen de fluido. Asimismo, se hizo uso de dos esquemas de alta resolucin̤ (CICSAM y HRIC) para la discretizacin̤ de třminos convectivos no lineales en la ecuacin̤ de transp...
Збережено в:
| Інші автори: | , , |
|---|---|
| Формат: | Книга |
| Мова: | Англійська |
| Предмети: | |
| Онлайн доступ: | Comparison of CICSAM and HRIC high-resolution schemes for interface capturing |
| Теги: |
Додати тег
Немає тегів, Будьте першим, хто поставить тег для цього запису!
|
MARC
| LEADER | 00000nam a22000004a 4500 | ||
|---|---|---|---|
| 001 | vpro9111 | ||
| 005 | 20201223000000.0 | ||
| 008 | 151018s2015 ck # g## #001 0#eng#d | ||
| 020 | |||
| 022 | |a 1429-2955 | ||
| 040 | |a CO-BoINGC | ||
| 041 | 0 | |a eng | |
| 245 | 1 | 0 | |a Comparison of CICSAM and HRIC high-resolution schemes for interface capturing |
| 246 | |a Comparacin̤ de los esquemas de alta resolucin̤ CICSAM y HRIC para captura de interfase | ||
| 264 | |a Bogot ̀(Colombia) : |b Revista VirtualPRO, |c 2015 | ||
| 520 | 3 | |a En este documento se muestra el modelado de un flujo con altas proporciones de densidad y viscosidad empleando el mťodo del volumen de fluido. Asimismo, se hizo uso de dos esquemas de alta resolucin̤ (CICSAM y HRIC) para la discretizacin̤ de třminos convectivos no lineales en la ecuacin̤ de transporte de la fraccin̤ de volumen. Se compararon las propiedades de los esquemas tomando en cuenta su habilidad para capturar la interfase sujeta a deformacin̤ intensa. | |
| 650 | \ | \ | |a Dinm̀ica de fluidos |
| 650 | \ | \ | |a Ecuaciones |
| 650 | \ | \ | |a Mecǹica de fluidos |
| 650 | \ | \ | |a Fluid dynamics |
| 650 | \ | \ | |a Equations |
| 650 | \ | \ | |a Fluid mechanics |
| 650 | \ | \ | |a CFD |
| 650 | \ | \ | |a Discretizacin̤ espacial |
| 650 | \ | \ | |a Esquemas de alta resolucin̤ |
| 650 | \ | \ | |a CICSAM |
| 650 | \ | \ | |a HRIC |
| 650 | \ | \ | |a Flujo de superficie libre |
| 650 | \ | \ | |a Mťodo del volumen de fluido |
| 650 | \ | \ | |a CFD |
| 650 | \ | \ | |a Spatial discretization |
| 650 | \ | \ | |a High resolution schemes |
| 650 | \ | \ | |a CICSAM |
| 650 | \ | \ | |a HRIC |
| 650 | \ | \ | |a Free surface flow |
| 650 | \ | \ | |a Fluid volume method |
| 700 | \ | \ | |a Wacławczyk Tomasz |
| 700 | \ | \ | |a Koronowicz Tadeusz |
| 700 | \ | \ | |a Polish Academy of Sciences |
| 856 | |z Comparison of CICSAM and HRIC high-resolution schemes for interface capturing |u https://virtualpro.unach.elogim.com/biblioteca/comparacion-de-los-esquemas-de-alta-resolucion-cicsam-y-hric-para-captura-de-interfase | ||